• 首页
  • 本馆介绍
  • 公告通知
  • 最新文献
  • 馆藏检索
  • 电子资源
  • 读者导购
  • 参考咨询
  • 我的图书馆
  • 登录
  • 详细信息显示
  • 放入我的书架
  • 预约/预借图书
  • 作者相关作品
  • 分类相关作品
  • 丛书相关作品
  • 出版社相关作品

书目信息

  • 表格格式
  • 工作单格式
  • 卡片格式
题名:
铁路数字移动通信系统(GSM-R)应用基础理论
    
 
作者: 钟章队 编著
分册:  
出版信息: 北京   清华大学出版社  2009
页数: 259页
开本: 26cm
丛书名:
单 册:
中图分类: U285.21
科图分类:
主题词: 铁路通信--时分多址--移动通信--通信系统 , 铁路通信 , 时分多址 , 移动通信 , 通信系统
电子资源:
ISBN: 978-7-81123-662-0
000 01135nam0 2200301 450
001 012015000624
005 20150911082721.09
010    @a978-7-81123-662-0@dCNY39.00
100    @a20090901d2009 em y0chiy50 ea
101 0  @achi
102    @aCN@b110000
105    @ay z 000yy
106    @ar
200 1  @a铁路数字移动通信系统(GSM-R)应用基础理论@Atie lu shu zi yi dong tong xin xi tong (GSM-R) ying yong ji chu li lun@f钟章队[等]编著
210    @a北京@c清华大学出版社@c北京交通大学出版社@d2009
215    @a259页@d26cm
300    @a国家自然科学基金——铁道联合重点项目资助
304    @a编著还有:艾渤、刘秋妍、林思雨
330    @a本书主要包括:无线电波传播理论、干扰分析理论、频率规划理论、无线组网理论、GSM-R系统服务质量理论;鉴于越区切换技术在GSM-R专用模式性能中的重要性,基于对越区切换阻塞率的分析,阐述了越区切换的可靠性问题。
606 0  @a铁路通信@x时分多址@x移动通信@x通信系统
606 0  @a铁路通信
606 0  @a时分多址
606 0  @a移动通信
606 0  @a通信系统
690    @aU285.21@v5
701  0 @a钟章队@Azhong zhang dui@4编著
801  0 @aCN@b碧洲教育@c20150718
905    @a10447@f4@dU285.21@e228
    
    铁路数字移动通信系统(GSM-R)应用基础理论/钟章队[等]编著.-北京:清华大学出版社:北京交通大学出版社,2009
    259页;26cm
    国家自然科学基金——铁道联合重点项目资助
    
    ISBN 978-7-81123-662-0:CNY39.00
    本书主要包括:无线电波传播理论、干扰分析理论、频率规划理论、无线组网理论、GSM-R系统服务质量理论;鉴于越区切换技术在GSM-R专用模式性能中的重要性,基于对越区切换阻塞率的分析,阐述了越区切换的可靠性问题。
●
相关链接 在E读中查询图书 在五车中查询图书 在当当中查询图书 在豆瓣中查询图书


正题名:铁路数字移动通信系统(GSM-R)应用基础理论     索取号:U285.21/228         预约/预借

序号 登录号 条形码 馆藏地/架位号 状态 备注
1 0848664   208486645   第二样本阅览室/ [索取号:U285.21/228] 在馆    
2 0848665   208486654   第三借阅区/ [索取号:U285.21/228] 在馆    
3 0848666   208486663   第三借阅区/ [索取号:U285.21/228] 在馆    
4 0848667   208486672   密集书库—计算机科学学院/ [索取号:U285.21/228] 在馆    
唐山师范学院图书馆 欢迎您!
大连网信软件有限公司© 版权所有